000 00592nam a2200217 a 4500
001 BRL_1954
005 20190320211441.0
008 201216s1972----mx-#######---#000-0#spa-#
041 _aspa
044 _amx
050 4 _aPS3503
_b.H74 1972
100 1 _aHerner Reiss, Irene
_928304
245 1 0 _aTarzan el hombre mito moti tomi timo.
260 _aMéxico, D.F.
_c1972
300 _a274 p.
_c23 cm.
500 _aAu1254
502 _aTesis Licenciatura (Licenciado en Historia) UNAM, Facultad de Filosofía y Letras
650 1 4 _aHombre
_928305
902 _aTERL
942 _2lcc
_cTES
999 _c10761
_d10761